000 00630nam a2200169Ia 4500
003 GCL
008 140319s9999 xx 000 0 ara d
040 _aGCL /
_cGCL
082 0 4 _aط
_b591.07
_bع د
100 1 _aعزالدين فراج
245 1 0 _aدائرة المعارف العلمية المصورة لنباتات وحيوانات البيئة العربية تاريخيا وعلميا وزراعيا واقتصاديا وطبيا /
_cعزالدين فراج
260 _a[S.N] :
_bدار الفكر العربى
490 _a
650 0 4 _aدوائر المعارف
650 0 4 _aالاطفال
942 _2ddc
_cBK
999 _c56855
_d56855